Logo BPK

Biblioteka

Politechniki Koszalińskiej

Jak najlepiej zaprezentować się podczas rozmowy kwalifikacyjnej? / (Rekord nr 56676)

Szczegóły MARC
000 -ETYKIETA REKORDU
podpole kontrolne o stałej długości 00951nam a2200265 i 4500
001 - NUMER KONTROLNY REKORDU
pole kontrolne bg
015 ## - NUMER BIBLIOGRAFII NARODOWEJ
Numer bibliografii narodowej PB 24832/2007
020 ## - MIĘDZYNARODOWY ZNORMALIZOWANY NUMER KSIĄŻKI - ISBN
ISBN 9788375264074
040 ## - ŹRÓDŁO KATALOGOWANIA
Instytucja, która utworzyła rekord BPK
041 ## - KOD JĘZYKA
Kod języka tekstu pol
044 ## - KOD KRAJU WYDAWCY/PRODUCENTA
Kod kraju wydawcy/producenta POL
080 ## - UNIWERSALNA KLASYFIKACJA DZIESIĘTNA - UKD
UKD 331.108(083.1)
920 ## - Międzynarodowy znormalizowany numer książki – ISBN
ISBN 978-83-7526-407-4
008 - POLE O STAŁEJ DŁUGOŚCI - DANE KONTROLNE
podpole kontrolne o stałej długości 090812s2007 pl f |000 0 pol
100 1# - NAZWA OSOBOWA
Nazwa osobowa Kulczycka, Luiza.
245 10 - TYTUŁ/ODPOWIEDZIALNOŚĆ
Tytuł Jak najlepiej zaprezentować się podczas rozmowy kwalifikacyjnej? /
Pozostałe elementy strefy tytułu i oznaczenia odpowiedzialności Luiza Kulczycka.
260 ## - STREFA ADRESU WYDAWNICZEGO
Miejsce wydania Warszawa :
Nazwa wydawcy/dystrybutora Wolters Kluwer Polska,
Data publikacji, dystrybucji/powstania dokumentu 2007.
300 ## - STREFA OPISU FIZYCZNEGO
Objętość 115, [1] s. ;
Rozmiary 22 cm.
490 1# - STREFA SERII I DOKUMENTU WIELOCZĘŚCIOWEGO - FORMA NIE DO WYSZUKIWANIA
Tytuł i oznaczenie odpowiedzialności serii Biblioteka Gazety Wyborczej.
-- 6 Kroków do Nowej Pracy
Numeracja w obrębie serii 4
500 ## - UWAGI OGÓLNE
Tekst uwagi Na okł.: Trzy niezbędne działania przygotowawcze do rozmowy, nie dajmy się zaskoczyć czyli jak odpowiadać na pytania, rozmowy kwalifikacyjne w innych krajach.
650 #9 - HASŁO PRZEDMIOTOWE W FORMIE NAZWY OGÓLNEJ LUB JEDNOSTKOWEJ
Nazwa ogólna lub geograficzna Rozmowa kwalifikacyjna
655 ## - TERMIN INDEKSOWY - OKREŚLENIE RODZAJU/FORMY DOKUMENTU
Określenie rodzaju/formy dokumentu Poradniki
830 ## - HASŁO DODATKOWE SERII LUB DOKUMENTU WIELOCZĘŚCIOWEGO - TYTUŁ UJEDNOLICONY
Tytuł ujednolicony Biblioteka Gazety Wyborczej.
Nazwa części/sekcji dzieła 6 Kroków do Nowej Pracy
856 ## - LOKALIZACJA I DOSTĘP DO ELEKTRONICZNYCH DOKUMENTÓW ZDALNYCH
Link (URL) http://koha.tu.koszalin.pl/cgi-bin/koha/opac-detail.pl?biblionumber=56676
Tekst linku Katalog online BPK
942 ## - DODATKOWE ELEMENTY (KOHA)
Typ dokumentu Książka
Egzemplarze
Wycofany Status egzemplarza Uszkodzony Dostępność Lokalizacja stała Lokalizacja bieżąca Miejsce przechowywania Sygnatura Kod kreskowy Dział Typ dokumentu
      Tylko na miejscu Biblioteka Politechniki Koszalińskiej Biblioteka Politechniki Koszalińskiej Czytelnia Wydziałowa ul. Kwiatkowskiego 6e 91666 02485454 331 Praca Książka
© 2023 Biblioteka Politechniki Koszalińskiej :: KOHA